Word Ladder: Times of Day Quiz Stats

Quiz Updated Jun 11, 2015

Challenge
Share
Tweet
Embed
Score 0/16 Timer 02:00
0 Plays Today
Clue Four-Letter Word % Correct
'Ashes to ashes, ____ to ____'DUST
94.3%
When most parks closeDUSK
92.1%
A light sprayMIST
90.4%
Required or mandatoryMUST
89.8%
Series of names or itemsLIST
89.7%
Black rock used for fuelCOAL
87.9%
Common outerwearCOAT
85.7%
Value or priceCOST
83.3%
Clue Four-Letter Word % Correct
TV show featuring the numbers 4, 8, 15, 16, 23, 42LOST
80.3%
'No ___, no gain.'PAIN
79.9%
A young horseFOAL
77.2%
Chess piece of least valuePAWN
76%
Thin sheets of metal used in a kitchenFOIL
73.9%
First lightDAWN
73.9%
BucketPAIL
72.5%
You lose!FAIL
69.5%

Today's Daily Dose

Missing Word
NPR Programs

Quick Pick
1991 Events

On This Day
June 18th II

You're not logged in!

Compare scores with friends on all Sporcle quizzes.
Join for Free
OR
Log In

You Might Also Like...

Show Comments

Extras

Top Quizzes Today


Score Distribution

Your Account Isn't Verified!

In order to create a playlist on Sporcle, you need to verify the email address you used during registration. Go to your Sporcle Settings to finish the process.

Report this User

Report this user for behavior that violates our Community Guidelines.

Details: